header

Understanding the self-ego relationship in clinical practice (Record no. 129804)

MARC details
000 -LEADER
fixed length control field 01362nam a2200337Ia 4500
082 04 - DEWEY DECIMAL CLASSIFICATION NUMBER
Classification number 616.8914
100 1# - MAIN ENTRY--AUTHOR NAME
Personal name Clark, Margaret,
245 10 - TITLE STATEMENT
Title Understanding the self-ego relationship in clinical practice
260 ## - PUBLICATION, DISTRIBUTION, ETC. (IMPRINT)
Place of publication London ;
-- New York :
Name of publisher Karnac,
Year of publication 2006.
300 ## - PHYSICAL DESCRIPTION
Number of Pages xvi, 118 p.
490 1# - SERIES STATEMENT
Series statement Society of Analytical Psychology monograph series
650 #0 - SUBJECT ADDED ENTRY--TOPICAL TERM
Topical Term Individuation (Psychology)
Topical Term Self.
Topical Term Client-centered psychotherapy.
856 40 - ELECTRONIC LOCATION AND ACCESS
Uniform Resource Identifier http://site.ebrary.com/lib/rucke/Doc?id=10464091

No items available.

© 2026 Rongo University
Contact us: librarian | system librarian | Rongo university